00989nam a22002297a 450000500170000001000190001702000420003603500180007803700090009608200180010510000130012324500780013625000070021426000310022127000820025230000280033449000080036294200320037099900190040295201690042195201690059020260428114720.0 aENG-148353-354 a9789349015623c6995.00(Set of 2 Vols) aEN-131885-886 bDBAD a347.93954216 aHargopal aLegal Draftsman:bA Comprehensive Guide to Deeds and Documents/cHargopal a16 aGurgaonbLexis Nexisc2026 a14th floor building no 10, tower-B, DLF cyber city, phase-IIbGurgaone122002 alxviii,3363p.c25cm(hb) v1,2 2ddccENh347.930954mHARe1 c215996d215996 00103VOL-140718REFaZLSbZLSd2026-04-28eDelivery of Books Act Divisiong3498.00l0o347.930954 HARpEN-131885r2026-04-28 11:41:02t1v3498.00w2026-04-28yEN 00103VOL-240718REFaZLSbZLSd2026-04-28eDelivery of Books Act Divisiong3498.00l0o347.930954 HARpEN-131886r2026-04-28 11:41:24t1v3498.00w2026-04-28yEN